<?xml version="1.0" encoding="UTF-8"?>
<record
    xmlns:xsi="http://www.w3.org/2001/XMLSchema-instance"
    xsi:schemaLocation="http://www.loc.gov/MARC21/slim http://www.loc.gov/standards/marcxml/schema/MARC21slim.xsd"
    xmlns="http://www.loc.gov/MARC21/slim">

  <leader>00918nam a2200229 a 4500</leader>
  <controlfield tag="003">OSt</controlfield>
  <controlfield tag="005">20131227141707.0</controlfield>
  <controlfield tag="008">120606s2012    sp a||||||||||001 0 spa|c</controlfield>
  <datafield tag="020" ind1=" " ind2=" ">
    <subfield code="a">9788493852412</subfield>
  </datafield>
  <datafield tag="040" ind1=" " ind2=" ">
    <subfield code="b">cat</subfield>
    <subfield code="c">CDMR</subfield>
  </datafield>
  <datafield tag="100" ind1="1" ind2=" ">
    <subfield code="a">D&#xED;az Dorronsoro, Jos&#xE9; Mar&#xED;a</subfield>
  </datafield>
  <datafield tag="245" ind1="1" ind2="0">
    <subfield code="a">Cambio 16</subfield>
    <subfield code="b">: historia y testimonio de la m&#xED;tica revista de la transici&#xF3;n democr&#xE1;tica espa&#xF1;ola, en el 40&#xBA; aniversario de su fundaci&#xF3;n /</subfield>
    <subfield code="c">Jos&#xE9; Mar&#xED;a D&#xED;az Dorronsoro ; pr&#xF3;logo de Alejandro Mu&#xF1;oz-Alonso ; nota del editor, Jos&#xE9; Luis Guti&#xE9;rrez</subfield>
  </datafield>
  <datafield tag="260" ind1=" " ind2=" ">
    <subfield code="a">Madrid :</subfield>
    <subfield code="b">Saber &amp; Comunicaci&#xF3;n,</subfield>
    <subfield code="c">2012</subfield>
  </datafield>
  <datafield tag="300" ind1=" " ind2=" ">
    <subfield code="a">366 p., VIII p. de l&#xE0;m.</subfield>
    <subfield code="b">il. </subfield>
    <subfield code="c">23 cm</subfield>
  </datafield>
  <datafield tag="504" ind1=" " ind2=" ">
    <subfield code="a">&#xCD;ndexs</subfield>
  </datafield>
  <datafield tag="630" ind1="0" ind2="4">
    <subfield code="a">Cambio 16 (Revista)</subfield>
  </datafield>
  <datafield tag="650" ind1="0" ind2="4">
    <subfield code="a">Premsa i pol&#xED;tica</subfield>
    <subfield code="z">Espanya</subfield>
    <subfield code="x">Hist&#xF2;ria</subfield>
    <subfield code="y">1971-1978</subfield>
  </datafield>
  <datafield tag="830" ind1=" " ind2="0">
    <subfield code="a">Leer/Art&#xED;culo XIX</subfield>
  </datafield>
  <datafield tag="907" ind1=" " ind2=" ">
    <subfield code="a">.b52823416</subfield>
    <subfield code="b">08-06-12</subfield>
    <subfield code="c">06-06-12</subfield>
    <subfield code="d">06-06-12</subfield>
    <subfield code="e">m</subfield>
    <subfield code="f">a</subfield>
    <subfield code="g">-</subfield>
    <subfield code="h">spa</subfield>
    <subfield code="i">sp </subfield>
    <subfield code="j">0</subfield>
    <subfield code="k">0</subfield>
  </datafield>
  <datafield tag="940" ind1=" " ind2=" ">
    <subfield code="a">UAB</subfield>
  </datafield>
  <datafield tag="942" ind1=" " ind2=" ">
    <subfield code="2">udc</subfield>
    <subfield code="c">MON</subfield>
  </datafield>
  <datafield tag="999" ind1=" " ind2=" ">
    <subfield code="c">6684</subfield>
    <subfield code="d">6684</subfield>
  </datafield>
  <datafield tag="952" ind1=" " ind2=" ">
    <subfield code="0">0</subfield>
    <subfield code="1">0</subfield>
    <subfield code="4">0</subfield>
    <subfield code="7">0</subfield>
    <subfield code="a">CDMR</subfield>
    <subfield code="b">CDMR</subfield>
    <subfield code="d">2013-12-27</subfield>
    <subfield code="e">Intercanvi</subfield>
    <subfield code="g">23.50</subfield>
    <subfield code="l">0</subfield>
    <subfield code="o">Dt 13/52</subfield>
    <subfield code="p">CDMR1406301247</subfield>
    <subfield code="r">2013-12-27</subfield>
    <subfield code="v">23.50</subfield>
    <subfield code="w">2013-12-27</subfield>
    <subfield code="y">MON</subfield>
  </datafield>
</record>
